000 00707nam a2200277Ia 4500
005 20260324111454.0
008 008 260324s9999 xx 000 0 eng d
020 _a9781003144939
037 _aEBOOK
040 _aCRL
040 _beng
040 _cCRL
041 _2eng
041 _aeng
084 _qCRL
100 _aLouise Dixon; Denise A Hines; Emily M Douglas
_91138705
245 4 _aThe Routledge Handbook of Men’s Victimisation in Intimate Relationships
260 _bTaylor and Francis
260 _c2025
365 _a
365 _b360
856 _uhttp://www.taylorfrancis.com/books/9781003144939
942 _cEBOOK
999 _c1727541
_d1727541